|
|
|
|
| LEADER |
00000naa2a2200000 4500 |
| 001 |
112032 |
| 005 |
20231031121115.0 |
| 035 |
|
|
|a (RuTPU)RU\TPU\book\121039
|
| 090 |
|
|
|a 112032
|
| 100 |
|
|
|a 20070322d2003 k y0rusy50 ca
|
| 101 |
0 |
|
|a rus
|
| 102 |
|
|
|a RU
|
| 200 |
1 |
|
|a Методология и метод в изучении экономической теории
|f Г. И. Стариков, С. Н. Быков
|
| 463 |
|
0 |
|0 (RuTPU)RU\TPU\book\63552
|y 5-98298-035-8
|t Прогрессивные технологии и экономика в машиностроении
|o Труды Всероссийской научно-практической конференции, Юрга, 24-25 апреля 2003 г.
|f Томский политехнический университет; Филиал ТПУ в Юрге; Отв. ред. Б. Г. Долгун
|v С. 292-293
|d 2003
|p 374 с.
|
| 610 |
1 |
|
|a экономическая теория
|
| 610 |
1 |
|
|a методология
|
| 610 |
1 |
|
|a методы изучения
|
| 610 |
1 |
|
|a метод познания
|
| 610 |
1 |
|
|a труды учёных ТПУ
|
| 700 |
|
1 |
|a Стариков
|b Г. И.
|
| 701 |
|
1 |
|a Быков
|b С. Н.
|
| 801 |
|
1 |
|a RU
|b 63413507
|c 20070322
|g PSBO
|
| 942 |
|
|
|c BK
|